000 00732nam a2200253 i 4500
001 12139
003 ES-MaACL
005 20250815153356.0
007 t|
008 970416s1995 sp ||||1| spa d
020 _a84-376-1332-9
080 _a75.033.4
100 1 _aDodwell, C. R.
_944977
245 1 0 _aArtes pictóricas en occidente
_b: 800-1200 /
_cC. R. Dodwell.
260 _aMadrid :
_bCátedra,
_c[1995]
300 _a622 p. :
_bil. ;
_c21 cm.
490 1 _aManuales arte Cátedra
500 _aIndices.
504 _aBibliografía : p. [575]-582.
650 1 7 _aPintura románica
_2embne
_916078
830 0 _aManuales arte Cátedra
_9179258
852 _aES-MaACL
_jL-19506
_bR.125297
999 _c12139
_d12139